Statystyki dla Miasta Polski o nazwie składającej się z dwóch słów

Kliknij tutaj aby rozwiązać quiz!

Ogólne statystyki

  • Ten quiz został rozwiązany 458 razy
    (174 od ostatniego zresetowania)
  • Średni wynik to 49 z 162

Statystyki odpowiedzi

WojewództwoPopulacjaMiasto% Poprawnych
śląskie168 835Bielsko-Biała
84%
lubuskie140 708Zielona Góra
83%
lubuskie121 714Gorzów Wielkopolski
81%
małopolskie83 274Nowy Sącz
78%
dolnośląskie77 807Jelenia Góra
73%
lubelskie56 760Biała Podlaska
70%
łódzkie60 860Tomaszów Mazowiecki
68%
śląskie117 516Dąbrowa Górnicza
67%
małopolskie33 212Nowy Targ
65%
śląskie135 695Ruda Śląska
65%
opolskie59 603Kędzierzyn-Koźle
64%
pomorskie47 037Starogard Gdański
64%
mazowieckie32 594Grodzisk Mazowiecki
63%
wielkopolskie71 254Ostrów Wielkopolski
62%
łódzkie71 655Piotrków Trybunalski
62%
łódzkie21 768Aleksandrów Łódzki
58%
śląskie87 322Jastrzębie-Zdrój
58%
świętokrzyskie66 837Ostrowiec Świętokrzyski
57%
kujawsko-pomorskie11 974Aleksandrów Kujawski
56%
małopolskie10 353Krynica-Zdrój
56%
mazowieckie40 816Mińsk Mazowiecki
53%
lubuskie37 931Nowa Sól
53%
pomorskie31 822Pruszcz Gdański
53%
podkarpackie59 098Stalowa Wola
53%
wielkopolskie14 700Grodzisk Wielkopolski
52%
śląskie65 845Siemianowice Śląskie
52%
małopolskie9016Stary Sącz
52%
świętokrzyskie15 462Busko-Zdrój
51%
śląskie35 747Czechowice-Dziedzice
51%
pomorskie1 284Krynica Morska
51%
mazowieckie1 644Nowe Miasto
51%
śląskie61 789Tarnowskie Góry
51%
łódzkie17 119Rawa Mazowiecka
49%
podlaskie24 883Bielsk Podlaski
48%
mazowieckie22 160Ostrów Mazowiecka
48%
wielkopolskie14 181Nowy Tomyśl
47%
świętokrzyskie43 804Skarżysko-Kamienna
47%
śląskie47 319Wodzisław Śląski
47%
opolskie17 556Strzelce Opolskie
46%
lubelskie18 612Tomaszów Lubelski
46%
kujawsko-pomorskie12 318Golub-Dobrzyń
44%
dolnośląskie9 693Kudowa-Zdrój
44%
mazowieckie16 813Konstancin-Jeziorna
43%
śląskie54 468Piekary Śląskie
43%
mazowieckie18 782Sokołów Podlaski
43%
warmińsko-mazurskie15 420Lidzbark Warmiński
42%
dolnośląskie9 568Środa Śląska
42%
wielkopolskie23 655Środa Wielkopolska
42%
podkarpackie8 826Ustrzyki Dolne
41%
lubelskie11 585Janów Lubelski
40%
dolnośląskie18 435Kamienna Góra
40%
lubelskie2 537Kazimierz Dolny
40%
dolnośląskie6 167Polanica-Zdrój
40%
dolnośląskie6 584Szklarska Poręba
38%
zachodniopomorskie11 343Drawsko Pomorskie
37%
mazowieckie11 934Góra Kalwaria
37%
zachodniopomorskie8 627Kamień Pomorski
37%
lubelskie15 330Radzyń Podlaski
37%
dolnośląskie14 677Ząbkowice Śląskie
37%
mazowieckie9 539Maków Mazowiecki
36%
małopolskie12 626Rabka-Zdrój
36%
łódzkie40 996Zduńska Wola
36%
dolnośląskie5 398Lądek-Zdrój
35%
lubuskie9 771Strzelce Krajeńskie
35%
lubuskie11 079Krosno Odrzańskie
33%
warmińsko-mazurskie4 399Ruciane-Nida
33%
małopolskie4 454Kalwaria Zebrzydowska
32%
małopolskie5 739Maków Podhalański
32%
dolnośląskie15 550Jelcz-Laskowice
31%
kujawsko-pomorskie15 563Solec Kujawski
31%
małopolskie8 990Sucha Beskidzka
31%
zachodniopomorskie7 940Połczyn-Zdrój
30%
małopolskie11 844Dąbrowa Tarnowska
27%
dolnośląskie21 386Nowa Ruda
27%
dolnośląskie5 467Szczawno-Zdrój
27%
podlaskie9 304Wysokie Mazowieckie
27%
dolnośląskie12 440Brzeg Dolny
26%
dolnośląskie9 810Bystrzyca Kłodzka
26%
warmińsko-mazurskie9 943Dobre Miasto
26%
łódzkie18 399Konstantynów Łódzki
26%
wielkopolskie6 094Krzyż Wielkopolski
26%
dolnośląskie8 661Lwówek Śląski
26%
dolnośląskie9 068Oborniki Śląskie
26%
lubelskie8 278Opole Lubelskie
26%
mazowieckie12 665Ożarów Mazowiecki
26%
łódzkie3 111Biała Rawska
25%
lubuskie4 219Bytom Odrzański
25%
dolnośląskie4 369Duszniki-Zdrój
25%
kujawsko-pomorskie8 963Sępólno Krajeńskie
25%
dolnośląskie6 467Gryfów Śląski
23%
śląskie27 790
Czerwionka-Leszczyny
22%
podkarpackie1 722Iwonicz-Zdrój
22%
lubelskie16 572Międzyrzec Podlaski
22%
dolnośląskie3 953Świeradów-Zdrój
22%
zachodniopomorskie5 008Borne Sulinowo
21%
warmińsko-mazurskie4 025Biała Piska
20%
pomorskie2 753Czarna Woda
19%
dolnośląskie7 081Kąty Wrocławskie
19%
zachodniopomorskie1 176Nowe Warpno
19%
małopolskie5 782Piwniczna-Zdrój
19%
podkarpackie12 396Sędziszów Małopolski
19%
dolnośląskie2 668Złoty Stok
19%
dolnośląskie15 085Boguszów-Gorce
17%
podlaskie5 338Dąbrowa Białostocka
17%
świętokrzyskie5 384Kazimierza Wielka
17%
lubelskie2 088Ostrów Lubelski
17%
podkarpackie1 424Baranów Sandomierski
16%
podkarpackie9 830Głogów Małopolski
16%
małopolskie2 750Nowy Wiśnicz
16%
kujawsko-pomorskie4 367Piotrków Kujawski
16%
podkarpackie4 204Sokołów Małopolski
16%
podlaskie9 144Czarna Białostocka
15%
dolnośląskie5 102Jaworzyna Śląska
15%
zachodniopomorskie4 357Kalisz Pomorski
15%
dolnośląskie4 490Kamieniec Ząbkowicki
15%
wielkopolskie10 380Murowana Goślina
15%
zachodniopomorskie2 193Trzcińsko-Zdrój
15%
zachodniopomorskie2 213Biały Bór
14%
opolskie2 438Gorzów Śląski
14%
pomorskie4 188Nowy Staw
14%
warmińsko-mazurskie3 840Górowo Iławeckie
12%
kujawsko-pomorskie3 703Jabłonowo Pomorskie
12%
śląskie22 062Łaziska Górne
12%
śląskie7 378Miasteczko Śląskie
12%
małopolskie1 651Nowe Brzesko
12%
wielkopolskie4 721Nowe Skalmierzyce
12%
mazowieckie3 788Podkowa Leśna
12%
lubelskie4 293Rejowiec Fabryczny
12%
lubelskie2 457Stoczek Łukowski
12%
małopolskie3 772Czarny Dunajec
11%
dolnośląskie4 756Jedlina-Zdrój
11%
mazowieckie3 982Jedlnia-Letnisko
11%
małopolskie7 889Mszana Dolna
11%
kujawsko-pomorskie2 580Izbica Kujawska
10%
kujawsko-pomorskie4 078Kowalewo Pomorskie
10%
wielkopolskie2 704Książ Wielkopolski
10%
podkarpackie5 715Nowa Sarzyna
10%
kujawsko-pomorskie1 777Radzyń Chełmiński
10%
dolnośląskie5 578Stronie Śląskie
10%
małopolskie2 445Świątniki Górne
10%
kujawsko-pomorskie4 551Brześć Kujawski
9%
małopolskie817Książ Wielki
9%
podkarpackie10 977Nowa Dęba
9%
wielkopolskie2 485Borek Wielkopolski
7%
kujawsko-pomorskie2 338Kamień Krajeński
7%
wielkopolskie6 403Koźmin Wielkopolski
7%
wielkopolskie1 080Miasteczko Krajeńskie
7%
świętokrzyskie1 346Nowa Słupia
7%
lubuskie2 710Nowe Miasteczko
7%
podkarpackie1 177Jawornik Polski
6%
mazowieckie2 070Kosów Lacki
6%
lubuskie5 033Nowogród Bobrzański
6%
świętokrzyskie912Nowy Korczyn
6%
opolskie5 664Lewin Brzeski
5%
kujawsko-pomorskie1 363Lubień Kujawski
5%
kujawsko-pomorskie3 860Janowiec Wielkopolski
4%
śląskie5 195Kuźnia Raciborska
4%
lubuskie3 884Ośno Lubuskie
4%
podkarpackie3 247Radomyśl Wielki
4%
lubelskie2 415Lubycza Królewska
2%
wielkopolskie3 186Miejska Górka
2%
dolnośląskie6 333Piława Górna
2%

Rozkład punktacji

Percentyl według liczby udzielonych odpowiedzi

Procent ludzi z każdym wynikiem

Twoja historia wyników

Nie rozwiązałeś tego quizu od ostatniego zresetowania